000 00859nam a22002171 4500
001 143639
003 SpMaBN
005 20240129115649.0
008 981210s1931 it spa
016 7 _abimoBNE20000171290
_zIND9800829779
_2SpMaBN
035 _a(OCoLC)432713315
040 _aSpMaBN
_bspa
_cCDM
_dES-MaACL
100 1 _aSerís, Homero,
_d1879-1969
_0XX1278185
_9105555
245 1 0 _aTrabajos bibliográficos del Centro de Estudios Históricos de Madrid /
_cHomero Seris
260 _a[Roma :
_bInstituto Poligrafico dello Stato,
_c1931?]
300 _a6 p. ;
_c27 cm
500 _aDe: Estratto dal v. II. Atti del primo Congresso Mondiale delle biblioteche è di Bibliografia. Roma-Venezia 15-30 Giugno 1929. A VII
655 7 _2tgfbne
_9226825
_aBibliografías
942 _2udc
_cMONOGRAFIA
999 _c143639
_d143639